000 00245nam a2200097Ia 4500
001 1250273
005 20251031150853.0
008 251031s9999 xx 000 0 und d
245 0 _cAHMET BATMAN
_aA-4 BAŞKA BİR ŞEY
260 _bDESTEK YAYINLARI
999 _c1250273
_d1250273